| 000 | 00882nam a2200241 a 4500 | ||
|---|---|---|---|
| 001 | BRCA_2078 | ||
| 005 | 20190320203646.0 | ||
| 008 | 080808s1983----mx-a---###---#000-0#spa-# | ||
| 020 | _a968161304X | ||
| 050 | 4 |
_aNA753 _b.K83 1983 |
|
| 100 | 1 |
_aKubler, George Alexander _d1912-1996 _93904 |
|
| 245 | 1 | 0 |
_aArquitectura mexicana del siglo XVI _cGeorge Kubler ; traducción Roberto de la Torre, Graciela de Garay y Miguel Ángel de Quevedo. |
| 260 |
_aMéxico _bFCE _c1983 |
||
| 300 |
_a683 p. _bil., mapas, planos _c29 cm. |
||
| 500 | _aTraducción de : Mexican Architecture of the Sixteenth Century | ||
| 500 | _aIncluye índice analítico | ||
| 650 | 1 | 4 |
_aArquitectura _zMéxico _9596 |
| 650 | 1 | 4 |
_aArquitectura colonial _zMéxico _91940 |
| 700 | 1 |
_aTorre, Roberto de la _96315 |
|
| 700 | 1 |
_aGaray, Graciela de _96316 |
|
| 700 | 1 |
_aQuevedo, Miguel Ángel de _96317 |
|
| 942 |
_2lcc _cB |
||
| 999 |
_c1835 _d1835 |
||